[Event "Estonian-ch Women 2020"]
[Site "Paul Kerese Malemaja"]
[Date "2020.08.10"]
[Round "3.3"]
[White "Narva, Triin"]
[Black "Tonso, Liina"]
[Result "1-0"]
[WhiteElo "2107"]
[BlackElo "1862"]
[Annotator "ChessBase"]
[PlyCount "77"]
[EventDate "2020.08.09"]
[EventCountry "EST"]
[SourceTitle "playchess.com"]
[Source "ChessBase"]
[SourceQuality "1"]
[TimeControl "40/5400+30:900+30"]

1. e4 {[%emt 0:00:00]} c6 {[%emt 0:00:00]} 2. d4 {[%emt 0:00:12]} d5 {[%emt 0:00:00]} 3. Nc3 {[%emt 0:00:19]} dxe4 {[%emt 0:00:00]} 4. Nxe4 {[%emt 0:00:05]} Nf6 {[%emt 0:00:14]} 5. Nxf6+ {[%emt 0:00:43]} exf6 {[%emt 0:00:07]} 6. c3 {[%emt 0:00:29]} Bd6 {[%emt 0:00:37]} 7. Bd3 {[%emt 0:00:36]} O-O {[%emt 0:00:42]} 8. Qc2 {[%emt 0:02:47]} h6 {[%emt 0:00:31]} 9. Ne2 {[%emt 0:02:25]} Re8 {[%emt 0:01:08]} 10. Be3 {[%emt 0:03:29]} Nd7 {[%emt 0:01:28]} 11. Rd1 {[%emt 0:12:24]} Nf8 {[%emt 0:02:54]} 12. O-O {[%emt 0:16:37]} Qc7 {[%emt 0:03:35]} 13. h3 {[%emt 0:07:13]} Be6 {[%emt 0:07:45]} 14. c4 {[%emt 0:03:01]} c5 {[%emt 0:10:49]} 15. d5 {[%emt 0:06:23]} Bd7 {[%emt 0:01:03]} 16. b4 {[%emt 0:18:51]} b6 {[%emt 0:10:33]} 17. bxc5 {[%emt 0:01:01]} Bxc5 {[%emt 0:05:07]} 18. Bxc5 {[%emt 0:02:28]} bxc5 {[%emt 0:06:57]} 19. Ng3 {[%emt 0:01:08]} Qa5 {[%emt 0:02:57]} 20. Qd2 {[%emt 0:00:58]} Qc7 {[%emt 0:04:54]} 21. Rb1 {[%emt 0:04:37]} Rab8 {[%emt 0:04:31]} 22. Rxb8 {[%emt 0:06:59]} Rxb8 {[%emt 0:02:31]} 23. Re1 {[%emt 0:02:57]} Re8 {[%emt 0:06:23]} 24. Rxe8 {[%emt 0:02:22]} Bxe8 {[%emt 0:00:04]} 25. Qe3 {[%emt 0:00:49]} Ba4 {[%emt 0:01:11]} 26. Nf5 {[%emt 0:00:27]} Ng6 {[%emt 0:01:21]} 27. d6 {[%emt 0:00:38]} Qc8 {[%emt 0:03:15]} 28. h4 {[%emt 0:02:56]} Kh8 {[%emt 0:02:35]} 29. Ne7 {[%emt 0:01:02]} Qe8 {[%emt 0:08:45]} 30. Bxg6 {[%emt 0:00:25]} fxg6 {[%emt 0:00:19]} 31. Qxc5 {[%emt 0:00:07]} Qd7 {[%emt 0:02:14]} 32. Qc8+ {[%emt 0:00:22]} Qxc8 {[%emt 0:00:07]} 33. Nxc8 {[%emt 0:00:03]} Kg8 {[%emt 0:00:46]} 34. Nxa7 {[%emt 0:00:17]} Kf7 {[%emt 0:00:32]} 35. Nc8 {[%emt 0:00:48]} Ke6 {[%emt 0:00:55]} 36. c5 {[%emt 0:00:09]} g5 {[%emt 0:00:45]} 37. hxg5 {[%emt 0:00:20]} hxg5 {[%emt 0:00:09]} 38. Nb6 {[%emt 0:00:06]} Bc6 {[%emt 0:00:21]} 39. a4 {[%emt 0:00:10]} 1-0

[Event "Estonian-ch Women 2020"]
[Site "Paul Kerese Malemaja"]
[Date "2020.08.10"]
[Round "3.4"]
[White "Narva, Mai"]
[Black "Bashkite, Viktoria"]
[Result "1-0"]
[WhiteElo "2333"]
[BlackElo "2186"]
[Annotator "ChessBase"]
[PlyCount "65"]
[EventDate "2020.08.09"]
[EventCountry "EST"]
[SourceTitle "playchess.com"]
[Source "ChessBase"]
[SourceQuality "1"]
[TimeControl "40/5400+30:900+30"]

1. e4 {[%emt 0:00:00]} d5 {[%emt 0:00:00]} 2. exd5 {[%emt 0:00:00]} Qxd5 {[%emt 0:00:00]} 3. Nc3 {[%emt 0:00:00]} Qa5 {[%emt 0:00:19]} 4. d4 {[%emt 0:00:14]} Nf6 {[%emt 0:00:30]} 5. Nf3 {[%emt 0:00:54]} Nc6 {[%emt 0:01:26]} 6. d5 {[%emt 0:19:41]} Nb4 {[%emt 0:02:42]} 7. Bc4 {[%emt 0:21:13]} Bg4 {[%emt 0:10:09]} 8. a3 {[%emt 0:06:16]} Bxf3 {[%emt 0:03:40]} 9. gxf3 {[%emt 0:00:31]} O-O-O {[%emt 0:08:44]} 10. Bd2 {[%emt 0:08:29]} Qc5 {[%emt 0:04:18]} 11. axb4 {[%emt 0:02:31]} Qxc4 {[%emt 0:00:17]} 12. Rxa7 {[%emt 0:02:17]} Nxd5 {[%emt 0:07:22]} 13. b3 {[%emt 0:10:54]} Qd4 {[%emt 0:01:42]} 14. Ra8+ {[%emt 0:04:26]} Kd7 {[%emt 0:00:10]} 15. Rxd8+ {[%emt 0:00:49]} Kxd8 {[%emt 0:00:06]} 16. Ne2 {[%emt 0:02:38]} Qf6 {[%emt 0:03:42]} 17. Bf4 {[%emt 0:04:15]} e6 {[%emt 0:03:54]} 18. c4 {[%emt 0:02:55]} Bxb4+ {[%emt 0:01:10]} 19. Kf1 {[%emt 0:00:59]} g5 {[%emt 0:01:08]} 20. Be3 {[%emt 0:04:25]} Qxf3 {[%emt 0:01:34]} 21. Rg1 {[%emt 0:00:19]} f6 {[%emt 0:00:36]} 22. cxd5 {[%emt 0:00:50]} exd5 {[%emt 0:00:10]} 23. Qa1 {[%emt 0:02:22]} Ke7 {[%emt 0:09:17]} 24. Rg3 {[%emt 0:02:58]} Qh1+ {[%emt 0:00:39]} 25. Ng1 {[%emt 0:00:16]} Rf8 {[%emt 0:05:51]} 26. Bd4 {[%emt 0:01:31]} Bd6 {[%emt 0:01:20]} 27. Re3+ {[%emt 0:01:13]} Kd7 {[%emt 0:00:50]} 28. Bxf6 {[%emt 0:00:29]} c6 {[%emt 0:06:45]} 29. Be5 {[%emt 0:00:31]} Bc5 {[%emt 0:00:29]} 30. Re2 {[%emt 0:00:28]} Rf3 {[%emt 0:18:39]} 31. Qa5 {[%emt 0:00:31]} Bd6 {[%emt 0:00:24]} 32. Bxd6 {[%emt 0:00:21]} Kxd6 {[%emt 0:00:05]} 33. Qb4+ {[%emt 0:00:30]} 1-0

[Event "Estonian-ch Women 2020"]
[Site "Paul Kerese Malemaja"]
[Date "2020.08.11"]
[Round "4.2"]
[White "Olde, Margareth"]
[Black "Ivanova, Lidia"]
[Result "1-0"]
[WhiteElo "2201"]
[BlackElo "1430"]
[Annotator "ChessBase"]
[PlyCount "51"]
[EventDate "2020.08.09"]
[EventCountry "EST"]
[SourceTitle "playchess.com"]
[Source "ChessBase"]
[SourceQuality "1"]
[TimeControl "40/5400+30:900+30"]

1. Nf3 {[%emt 0:00:00]} d5 {[%emt 0:00:08]} 2. d4 {[%emt 0:00:00]} Nf6 {[%emt 0:00:18]} 3. c4 {[%emt 0:00:22]} c6 {[%emt 0:00:21]} 4. e3 {[%emt 0:00:07]} a6 {[%emt 0:00:20]} 5. Bd3 {[%emt 0:00:13]} Bg4 {[%emt 0:00:18]} 6. Nbd2 {[%emt 0:00:13]} e6 {[%emt 0:00:43]} 7. O-O {[%emt 0:00:56]} Be7 {[%emt 0:03:35]} 8. Qc2 {[%emt 0:00:34]} Nbd7 {[%emt 0:02:23]} 9. b3 {[%emt 0:00:22]} Bh5 {[%emt 0:14:00]} 10. Bb2 {[%emt 0:02:30]} Bg6 {[%emt 0:00:35]} 11. Ne5 {[%emt 0:02:31]} Qc7 {[%emt 0:13:10]} 12. h3 {[%emt 0:06:46]} Nxe5 {[%emt 0:09:11]} 13. dxe5 {[%emt 0:00:22]} Nd7 {[%emt 0:05:44]} 14. cxd5 {[%emt 0:02:46]} exd5 {[%emt 0:03:00]} 15. e6 {[%emt 0:02:40]} Nf6 {[%emt 0:00:56]} 16. exf7+ {[%emt 0:01:01]} Bxf7 {[%emt 0:01:26]} 17. e4 {[%emt 0:04:14]} dxe4 {[%emt 0:03:49]} 18. Nxe4 {[%emt 0:00:13]} O-O-O {[%emt 0:11:35]} 19. Rfe1 {[%emt 0:06:37]} Bg6 {[%emt 0:04:26]} 20. Nc5 {[%emt 0:24:20]} Bxc5 {[%emt 0:05:09]} 21. Bxg6 {[%emt 0:00:15]} Bxf2+ {[%emt 0:01:17]} 22. Qxf2 {[%emt 0:00:07]} hxg6 {[%emt 0:00:23]} 23. Be5 {[%emt 0:00:51]} Qa5 {[%emt 0:15:29]} 24. Qa7 {[%emt 0:01:28]} Qb5 {[%emt 0:00:22]} 25. Qb8+ {[%emt 0:00:16]} Kd7 {[%emt 0:00:09]} 26. Qd6+ {[%emt 0:00:45]} 1-0

[Event "Estonian-ch Women 2020"]
[Site "Paul Kerese Malemaja"]
[Date "2020.08.11"]
[Round "4.3"]
[White "Sinitsina, Anastassia"]
[Black "Narva, Triin"]
[Result "1-0"]
[WhiteElo "2175"]
[BlackElo "2107"]
[Annotator "ChessBase"]
[PlyCount "73"]
[EventDate "2020.08.09"]
[EventCountry "EST"]
[SourceTitle "playchess.com"]
[Source "ChessBase"]
[SourceQuality "1"]
[TimeControl "40/5400+30:900+30"]

1. e4 {[%emt 0:00:00]} d6 {[%emt 0:00:43]} 2. d4 {[%emt 0:00:00]} Nf6 {[%emt 0:00:12]} 3. Nc3 {[%emt 0:00:12]} g6 {[%emt 0:00:15]} 4. f3 {[%emt 0:00:23]} Bg7 {[%emt 0:00:34]} 5. Be3 {[%emt 0:00:20]} c6 {[%emt 0:00:43]} 6. Qd2 {[%emt 0:00:39]} b5 {[%emt 0:02:50]} 7. g4 {[%emt 0:04:08]} h5 {[%emt 0:06:58]} 8. g5 {[%emt 0:02:23]} Nfd7 {[%emt 0:00:12]} 9. O-O-O {[%emt 0:00:25]} O-O {[%emt 0:05:38]} 10. Kb1 {[%emt 0:01:22]} Nb6 {[%emt 0:03:07]} 11. Bd3 {[%emt 0:00:19]} Qc7 {[%emt 0:24:33]} 12. Nce2 {[%emt 0:03:01]} c5 {[%emt 0:14:31]} 13. c3 {[%emt 0:01:16]} c4 {[%emt 0:13:19]} 14. Bc2 {[%emt 0:00:08]} e5 {[%emt 0:10:01]} 15. f4 {[%emt 0:03:47]} exf4 {[%emt 0:05:39]} 16. Nxf4 {[%emt 0:01:01]} Nc6 {[%emt 0:00:18]} 17. Nf3 {[%emt 0:01:42]} Bg4 {[%emt 0:02:21]} 18. Rdf1 {[%emt 0:00:14]} a5 {[%emt 0:00:51]} 19. Nh4 {[%emt 0:01:39]} b4 {[%emt 0:01:08]} 20. h3 {[%emt 0:02:19]} Bd7 {[%emt 0:01:38]} 21. Qe2 {[%emt 0:02:02]} bxc3 {[%emt 0:01:40]} 22. bxc3 {[%emt 0:00:14]} Rab8 {[%emt 0:01:56]} 23. Ka1 {[%emt 0:01:30]} Ne7 {[%emt 0:00:30]} 24. Nxh5 {[%emt 0:02:16]} Na4 {[%emt 0:00:44]} 25. Bxa4 {[%emt 0:01:13]} Bxa4 {[%emt 0:00:08]} 26. Nxg7 {[%emt 0:00:36]} Kxg7 {[%emt 0:00:15]} 27. d5 {[%emt 0:00:08]} Rg8 {[%emt 0:02:13]} 28. Bd4+ {[%emt 0:02:20]} Kf8 {[%emt 0:00:22]} 29. Qf2 {[%emt 0:05:26]} Be8 {[%emt 0:00:16]} 30. Ng2 {[%emt 0:00:35]} Rg7 {[%emt 0:00:54]} 31. Nf4 {[%emt 0:01:29]} Bd7 {[%emt 0:00:28]} 32. Bxg7+ {[%emt 0:00:37]} Kxg7 {[%emt 0:00:16]} 33. Nh5+ {[%emt 0:00:41]} gxh5 {[%emt 0:00:08]} 34. Qxf7+ {[%emt 0:00:07]} Kh8 {[%emt 0:00:07]} 35. Rf6 {[%emt 0:00:40]} Ng8 {[%emt 0:00:26]} 36. Qxh5+ {[%emt 0:00:08]} Kg7 {[%emt 0:00:16]} 37. Rf7# {[%emt 0:00:06]} 1-0

[Event "Estonian-ch Women 2020"]
[Site "Paul Kerese Malemaja"]
[Date "2020.08.11"]
[Round "4.4"]
[White "Tonso, Liina"]
[Black "Narva, Mai"]
[Result "0-1"]
[WhiteElo "1862"]
[BlackElo "2333"]
[Annotator "ChessBase"]
[PlyCount "92"]
[EventDate "2020.08.09"]
[EventCountry "EST"]
[SourceTitle "playchess.com"]
[Source "ChessBase"]
[SourceQuality "1"]
[TimeControl "40/5400+30:900+30"]

1. d4 {[%emt 0:00:00]} Nf6 {[%emt 0:00:00]} 2. c4 {[%emt 0:00:00]} e6 {[%emt 0:00:00]} 3. Nf3 {[%emt 0:00:00]} Bb4+ {[%emt 0:00:01]} 4. Nc3 {[%emt 0:01:19]} Ne4 {[%emt 0:12:03]} 5. Qc2 {[%emt 0:03:12]} d5 {[%emt 0:03:20]} 6. a3 {[%emt 0:07:31]} Bxc3+ {[%emt 0:02:23]} 7. bxc3 {[%emt 0:00:08]} O-O {[%emt 0:03:13]} 8. e3 {[%emt 0:04:27]} Nd7 {[%emt 0:02:21]} 9. cxd5 {[%emt 0:06:17]} exd5 {[%emt 0:00:09]} 10. Bd3 {[%emt 0:06:27]} Ndf6 {[%emt 0:02:07]} 11. c4 {[%emt 0:02:16]} c5 {[%emt 0:05:02]} 12. O-O {[%emt 0:03:29]} Be6 {[%emt 0:14:21]} 13. Bb2 {[%emt 0:07:05]} Rc8 {[%emt 0:04:29]} 14. Rac1 {[%emt 0:16:16]} h6 {[%emt 0:15:29]} 15. Ne5 {[%emt 0:04:56]} Nd6 {[%emt 0:12:22]} 16. Qe2 {[%emt 0:11:01]} cxd4 {[%emt 0:10:45]} 17. Bxd4 {[%emt 0:01:18]} Qa5 {[%emt 0:01:12]} 18. cxd5 {[%emt 0:05:09]} Nxd5 {[%emt 0:02:13]} 19. Qb2 {[%emt 0:01:26]} Nb6 {[%emt 0:02:27]} 20. Qb4 {[%emt 0:06:18]} Qxb4 {[%emt 0:01:28]} 21. axb4 {[%emt 0:00:02]} Rfd8 {[%emt 0:00:25]} 22. Bxb6 {[%emt 0:01:54]} axb6 {[%emt 0:00:10]} 23. Nf3 {[%emt 0:02:10]} b5 {[%emt 0:02:03]} 24. Nd4 {[%emt 0:00:58]} Bc4 {[%emt 0:00:26]} 25. Bf5 {[%emt 0:05:44]} Ra8 {[%emt 0:02:46]} 26. Rfd1 {[%emt 0:01:11]} g6 {[%emt 0:01:10]} 27. Bg4 {[%emt 0:00:57]} Ra4 {[%emt 0:00:28]} 28. Rb1 {[%emt 0:00:20]} Ne4 {[%emt 0:00:32]} 29. Rdc1 {[%emt 0:00:43]} Ra2 {[%emt 0:00:29]} 30. Bf3 {[%emt 0:01:12]} Nxf2 {[%emt 0:00:27]} 31. Bxb7 {[%emt 0:00:13]} Ng4 {[%emt 0:00:24]} 32. Re1 {[%emt 0:00:45]} Re8 {[%emt 0:00:39]} 33. e4 {[%emt 0:00:16]} Ne5 {[%emt 0:00:33]} 34. Ra1 {[%emt 0:00:44]} Rb2 {[%emt 0:00:28]} 35. Nc6 {[%emt 0:00:38]} Nd3 {[%emt 0:00:30]} 36. Re3 {[%emt 0:00:42]} Nf4 {[%emt 0:00:31]} 37. g3 {[%emt 0:00:22]} Nh3+ {[%emt 0:00:29]} 38. Kh1 {[%emt 0:00:04]} Nf2+ {[%emt 0:00:30]} 39. Kg1 {[%emt 0:00:06]} Ng4 {[%emt 0:00:28]} 40. Rea3 {[%emt 0:00:00]} Rxe4 {[%emt 0:00:00]} 41. Na5 {[%emt 0:03:45]} Rd4 {[%emt 0:01:25]} 42. Nxc4 {[%emt 0:01:14]} bxc4 {[%emt 0:03:36]} 43. h3 {[%emt 0:00:58]} Nf2 {[%emt 0:03:26]} 44. R3a2 {[%emt 0:01:41]} Nxh3+ {[%emt 0:01:07]} 45. Kf1 {[%emt 0:00:16]} Rxb4 {[%emt 0:00:22]} 46. Bg2 {[%emt 0:00:31]} Ng5 {[%emt 0:00:09]} 0-1

[Event "Estonian-ch Women 2020"]
[Site "Paul Kerese Malemaja"]
[Date "2020.08.12"]
[Round "5.2"]
[White "Blokhin, Sofia"]
[Black "Olde, Margareth"]
[Result "1-0"]
[WhiteElo "1786"]
[BlackElo "2201"]
[Annotator "ChessBase"]
[PlyCount "109"]
[EventDate "2020.08.09"]
[EventCountry "EST"]
[SourceTitle "playchess.com"]
[Source "ChessBase"]
[SourceQuality "1"]
[TimeControl "40/5400+30:900+30"]

1. e4 {[%emt 0:00:00]} d6 {[%emt 0:00:00]} 2. d4 {[%emt 0:00:00]} Nf6 {[%emt 0:00:00]} 3. Nc3 {[%emt 0:00:00]} e5 {[%emt 0:00:00]} 4. d5 {[%emt 0:00:00]} Be7 {[%emt 0:00:00]} 5. Nge2 {[%emt 0:00:06]} c6 {[%emt 0:01:00]} 6. Ng3 {[%emt 0:00:20]} O-O {[%emt 0:06:01]} 7. Be2 {[%emt 0:01:29]} cxd5 {[%emt 0:01:42]} 8. exd5 {[%emt 0:00:19]} a6 {[%emt 0:04:23]} 9. a4 {[%emt 0:02:54]} Ne8 {[%emt 0:03:11]} 10. O-O {[%emt 0:02:14]} f5 {[%emt 0:01:22]} 11. a5 {[%emt 0:05:04]} Nd7 {[%emt 0:06:22]} 12. f4 {[%emt 0:02:37]} b5 {[%emt 0:11:35]} 13. axb6 {[%emt 0:11:15]} Qxb6+ {[%emt 0:00:16]} 14. Kh1 {[%emt 0:02:41]} e4 {[%emt 0:07:41]} 15. Na4 {[%emt 0:03:14]} Qa7 {[%emt 0:00:29]} 16. Ra3 {[%emt 0:02:16]} Bh4 {[%emt 0:06:24]} 17. Be3 {[%emt 0:02:32]} Qc7 {[%emt 0:00:07]} 18. Bf2 {[%emt 0:01:27]} Qd8 {[%emt 0:04:46]} 19. c4 {[%emt 0:02:32]} a5 {[%emt 0:02:41]} 20. Qd2 {[%emt 0:09:57]} Rb8 {[%emt 0:04:26]} 21. Nc3 {[%emt 0:03:28]} Nc5 {[%emt 0:08:04]} 22. Nb5 {[%emt 0:02:46]} Bf6 {[%emt 0:04:38]} 23. Nh5 {[%emt 0:02:20]} Be7 {[%emt 0:05:07]} 24. Qxa5 {[%emt 0:10:12]} Qxa5 {[%emt 0:01:39]} 25. Rxa5 {[%emt 0:00:08]} g6 {[%emt 0:00:04]} 26. Ng3 {[%emt 0:00:19]} Bd7 {[%emt 0:00:47]} 27. Bxc5 {[%emt 0:03:24]} dxc5 {[%emt 0:00:06]} 28. Ra7 {[%emt 0:01:10]} Nf6 {[%emt 0:01:33]} 29. Rfa1 {[%emt 0:03:21]} Rfd8 {[%emt 0:03:47]} 30. Rd1 {[%emt 0:08:44]} Ne8 {[%emt 0:01:17]} 31. Rd2 {[%emt 0:06:44]} Nd6 {[%emt 0:01:41]} 32. Nc3 {[%emt 0:04:17]} Bf6 {[%emt 0:03:13]} 33. Rc2 {[%emt 0:01:16]} Rb4 {[%emt 0:03:23]} 34. Ra6 {[%emt 0:02:37]} Bc8 {[%emt 0:01:43]} 35. Rc6 {[%emt 0:00:22]} Bd4 {[%emt 0:02:43]} 36. Nb5 {[%emt 0:02:18]} Nxb5 {[%emt 0:00:28]} 37. cxb5 {[%emt 0:00:07]} Bb7 {[%emt 0:00:30]} 38. Bc4 {[%emt 0:02:03]} Bxc6 {[%emt 0:01:01]} 39. dxc6+ {[%emt 0:00:06]} Kf8 {[%emt 0:00:29]} 40. b3 {[%emt 0:00:00]} Be3 {[%emt 0:00:00]} 41. Nf1 {[%emt 0:02:11]} Bxf4 {[%emt 0:03:43]} 42. g3 {[%emt 0:00:15]} Bg5 {[%emt 0:08:16]} 43. Kg2 {[%emt 0:02:00]} Ke7 {[%emt 0:00:53]} 44. Ra2 {[%emt 0:00:20]} h5 {[%emt 0:05:32]} 45. Ra7+ {[%emt 0:00:21]} Kf6 {[%emt 0:01:09]} 46. Ra6 {[%emt 0:00:42]} Rc8 {[%emt 0:01:35]} 47. h4 {[%emt 0:02:48]} Bc1 {[%emt 0:00:12]} 48. c7+ {[%emt 0:05:26]} Ke5 {[%emt 0:00:54]} 49. Re6+ {[%emt 0:00:25]} Kd4 {[%emt 0:00:14]} 50. b6 {[%emt 0:00:09]} f4 {[%emt 0:01:16]} 51. Rd6+ {[%emt 0:02:14]} Kc3 {[%emt 0:00:03]} 52. Rd8 {[%emt 0:01:11]} e3 {[%emt 0:01:58]} 53. Rxc8 {[%emt 0:02:17]} Rxc4 {[%emt 0:00:06]} 54. bxc4 {[%emt 0:00:27]} e2 {[%emt 0:00:03]} 55. Kf2 {[%emt 0:00:40]} 1-0

[Event "Estonian-ch Women 2020"]
[Site "Paul Kerese Malemaja"]
[Date "2020.08.12"]
[Round "5.3"]
[White "Narva, Mai"]
[Black "Sinitsina, Anastassia"]
[Result "1-0"]
[WhiteElo "2333"]
[BlackElo "2175"]
[Annotator "ChessBase"]
[PlyCount "109"]
[EventDate "2020.08.09"]
[EventCountry "EST"]
[SourceTitle "playchess.com"]
[Source "ChessBase"]
[SourceQuality "1"]
[TimeControl "40/5400+30:900+30"]

1. e4 {[%emt 0:00:00]} e5 {[%emt 0:00:00]} 2. Nf3 {[%emt 0:00:00]} Nc6 {[%emt 0:00:02]} 3. Bb5 {[%emt 0:00:00]} a6 {[%emt 0:00:09]} 4. Ba4 {[%emt 0:00:00]} Nf6 {[%emt 0:00:12]} 5. O-O {[%emt 0:00:18]} Be7 {[%emt 0:00:24]} 6. Re1 {[%emt 0:00:23]} b5 {[%emt 0:00:31]} 7. Bb3 {[%emt 0:00:09]} O-O {[%emt 0:00:20]} 8. h3 {[%emt 0:00:21]} Bb7 {[%emt 0:00:37]} 9. d3 {[%emt 0:04:44]} d5 {[%emt 0:01:56]} 10. exd5 {[%emt 0:04:34]} Nxd5 {[%emt 0:00:08]} 11. Nxe5 {[%emt 0:02:44]} Nd4 {[%emt 0:00:14]} 12. Nc3 {[%emt 0:23:52]} Nb4 {[%emt 0:01:34]} 13. Be3 {[%emt 0:17:41]} Nxb3 {[%emt 0:02:29]} 14. axb3 {[%emt 0:00:24]} Bd6 {[%emt 0:03:01]} 15. f4 {[%emt 0:04:44]} Re8 {[%emt 0:08:49]} 16. Rc1 {[%emt 0:24:11]} f6 {[%emt 0:05:46]} 17. Ng4 {[%emt 0:00:56]} h5 {[%emt 0:06:34]} 18. Nf2 {[%emt 0:00:29]} Rxe3 {[%emt 0:00:42]} 19. Rxe3 {[%emt 0:00:10]} Bxf4 {[%emt 0:00:06]} 20. Re2 {[%emt 0:00:56]} Bxc1 {[%emt 0:00:35]} 21. Qxc1 {[%emt 0:00:07]} Nc6 {[%emt 0:09:24]} 22. Re1 {[%emt 0:07:30]} Nd4 {[%emt 0:01:33]} 23. Qd1 {[%emt 0:00:37]} f5 {[%emt 0:04:32]} 24. Qxh5 {[%emt 0:05:51]} Nxc2 {[%emt 0:00:08]} 25. Re5 {[%emt 0:00:48]} Nd4 {[%emt 0:00:21]} 26. Ne2 {[%emt 0:00:43]} Nxe2+ {[%emt 0:01:47]} 27. Rxe2 {[%emt 0:00:26]} Qf6 {[%emt 0:05:22]} 28. h4 {[%emt 0:00:39]} Bd5 {[%emt 0:03:04]} 29. Nh3 {[%emt 0:00:37]} Bf7 {[%emt 0:00:44]} 30. Qf3 {[%emt 0:00:20]} Rd8 {[%emt 0:00:35]} 31. Ng5 {[%emt 0:00:42]} Qd4+ {[%emt 0:00:39]} 32. Qf2 {[%emt 0:00:29]} Qxf2+ {[%emt 0:00:56]} 33. Kxf2 {[%emt 0:00:15]} Bxb3 {[%emt 0:01:23]} 34. Re7 {[%emt 0:00:43]} c5 {[%emt 0:00:30]} 35. Rc7 {[%emt 0:00:33]} c4 {[%emt 0:00:46]} 36. d4 {[%emt 0:00:20]} g6 {[%emt 0:00:46]} 37. Rc6 {[%emt 0:00:18]} b4 {[%emt 0:03:21]} 38. Rxg6+ {[%emt 0:00:50]} Kf8 {[%emt 0:00:04]} 39. Rb6 {[%emt 0:00:32]} Ke7 {[%emt 0:00:31]} 40. Ke3 {[%emt 0:00:00]} a5 {[%emt 0:00:00]} 41. Rb5 {[%emt 0:10:23]} Bc2 {[%emt 0:03:21]} 42. d5 {[%emt 0:03:28]} c3 {[%emt 0:03:02]} 43. bxc3 {[%emt 0:00:59]} b3 {[%emt 0:00:10]} 44. Ne6 {[%emt 0:02:31]} Rg8 {[%emt 0:08:05]} 45. Nc5 {[%emt 0:00:38]} Rg3+ {[%emt 0:02:20]} 46. Kd4 {[%emt 0:00:34]} a4 {[%emt 0:00:09]} 47. Rb7+ {[%emt 0:00:12]} Kf6 {[%emt 0:00:43]} 48. Rb6+ {[%emt 0:00:26]} Kf7 {[%emt 0:00:20]} 49. Rb7+ {[%emt 0:00:33]} Kg6 {[%emt 0:00:16]} 50. d6 {[%emt 0:00:45]} Rxg2 {[%emt 0:00:22]} 51. d7 {[%emt 0:00:29]} Rd2+ {[%emt 0:00:09]} 52. Ke5 {[%emt 0:00:31]} Rxd7 {[%emt 0:04:26]} 53. Nxd7 {[%emt 0:00:24]} a3 {[%emt 0:00:03]} 54. Nf8+ {[%emt 0:00:33]} Kh5 {[%emt 0:00:15]} 55. Kf4 {[%emt 0:00:12]} 1-0

[Event "Estonian-ch Women 2020"]
[Site "Paul Kerese Malemaja"]
[Date "2020.08.12"]
[Round "5.4"]
[White "Bashkite, Viktoria"]
[Black "Tonso, Liina"]
[Result "0-1"]
[WhiteElo "2186"]
[BlackElo "1862"]
[Annotator "ChessBase"]
[PlyCount "90"]
[EventDate "2020.08.09"]
[EventCountry "EST"]
[SourceTitle "playchess.com"]
[Source "ChessBase"]
[SourceQuality "1"]
[TimeControl "40/5400+30:900+30"]

1. c4 {[%emt 0:00:00]} c6 {[%emt 0:00:00]} 2. Nf3 {[%emt 0:00:11]} d5 {[%emt 0:00:10]} 3. b3 {[%emt 0:00:26]} Nf6 {[%emt 0:00:48]} 4. Bb2 {[%emt 0:00:25]} Bf5 {[%emt 0:01:20]} 5. d3 {[%emt 0:04:43]} e6 {[%emt 0:02:18]} 6. Nbd2 {[%emt 0:01:07]} Bd6 {[%emt 0:10:34]} 7. g3 {[%emt 0:02:40]} Nbd7 {[%emt 0:07:38]} 8. Bg2 {[%emt 0:02:22]} h6 {[%emt 0:04:37]} 9. O-O {[%emt 0:13:44]} O-O {[%emt 0:12:01]} 10. Nd4 {[%emt 0:19:58]} Bh7 {[%emt 0:03:38]} 11. e4 {[%emt 0:05:25]} Nc5 {[%emt 0:09:23]} 12. Qe2 {[%emt 0:03:29]} e5 {[%emt 0:06:36]} 13. Nf5 {[%emt 0:00:41]} Bxf5 {[%emt 0:02:17]} 14. exf5 {[%emt 0:00:04]} Re8 {[%emt 0:01:19]} 15. Nf3 {[%emt 0:02:22]} e4 {[%emt 0:04:49]} 16. dxe4 {[%emt 0:00:42]} dxe4 {[%emt 0:03:59]} 17. Ne1 {[%emt 0:01:03]} Be5 {[%emt 0:04:31]} 18. Rd1 {[%emt 0:01:00]} Qc7 {[%emt 0:01:35]} 19. b4 {[%emt 0:02:50]} Na4 {[%emt 0:01:48]} 20. Bxe5 {[%emt 0:00:31]} Qxe5 {[%emt 0:00:28]} 21. Qc2 {[%emt 0:01:06]} Nb6 {[%emt 0:01:11]} 22. Qb3 {[%emt 0:01:46]} Qxf5 {[%emt 0:00:57]} 23. Nc2 {[%emt 0:00:05]} Qe6 {[%emt 0:01:16]} 24. Ne3 {[%emt 0:00:29]} Rad8 {[%emt 0:00:59]} 25. a4 {[%emt 0:00:25]} Ng4 {[%emt 0:02:36]} 26. Nxg4 {[%emt 0:03:37]} Qxg4 {[%emt 0:00:06]} 27. a5 {[%emt 0:00:15]} Nd7 {[%emt 0:00:54]} 28. f3 {[%emt 0:02:25]} exf3 {[%emt 0:01:03]} 29. Bxf3 {[%emt 0:00:12]} Qg6 {[%emt 0:01:02]} 30. c5 {[%emt 0:03:51]} Ne5 {[%emt 0:01:13]} 31. Bg2 {[%emt 0:00:20]} Ng4 {[%emt 0:01:55]} 32. Rd6 {[%emt 0:04:41]} Rxd6 {[%emt 0:01:54]} 33. cxd6 {[%emt 0:00:05]} Rd8 {[%emt 0:00:52]} 34. a6 {[%emt 0:00:29]} bxa6 {[%emt 0:01:10]} 35. Bxc6 {[%emt 0:00:12]} Rxd6 {[%emt 0:00:29]} 36. Bd5 {[%emt 0:01:04]} Rf6 {[%emt 0:02:00]} 37. Re1 {[%emt 0:00:51]} Qh5 {[%emt 0:00:54]} 38. Qc2 {[%emt 0:05:20]} g6 {[%emt 0:00:32]} 39. Bxf7+ {[%emt 0:06:58]} Rxf7 {[%emt 0:01:01]} 40. Re8+ {[%emt 0:00:00]} Kh7 {[%emt 0:00:00]} 41. Qb2 {[%emt 0:02:06]} Nf6 {[%emt 0:04:35]} 42. Rd8 {[%emt 0:00:22]} Qf5 {[%emt 0:01:14]} 43. Qd4 {[%emt 0:02:36]} Re7 {[%emt 0:05:14]} 44. Qd2 {[%emt 0:03:45]} Qb1+ {[%emt 0:01:47]} 45. Kg2 {[%emt 0:00:05]} Qe4+ {[%emt 0:00:34]} 0-1